| Tag |
First Indicator |
Second Indicator |
Subfields |
| LEADER |
00000cam a2200000Ii 4500 |
| 001 |
in00004353549 |
| 008 |
201103t20202020nyu e 000 f eng d |
| 005 |
20250318223646.7 |
| 019 |
|
|
|a 1139766640
|a 1157028403
|a 1183872036
|a 1196055704
|a 1201549215
|
| 020 |
|
|
|a 9781982132545
|
| 020 |
|
|
|a 198213254X
|q (hardcover)
|
| 035 |
|
|
|a (OCoLC)on1202734643
|
| 035 |
|
|
|a (OCoLC)1202734643
|z (OCoLC)1139766640
|z (OCoLC)1157028403
|z (OCoLC)1183872036
|z (OCoLC)1196055704
|z (OCoLC)1201549215
|
| 040 |
|
|
|a NjBwBT
|b eng
|e rda
|c FMG
|d FMG
|d OCLCO
|d OCLCQ
|d TCH
|d OI6
|d HBP
|d YDX
|d BDX
|d SSH
|d OCLCF
|d MLSOD
|d T3Q
|d O2C
|d GK8
|d OQX
|d NZAUC
|d ILC
|d CNCAR
|d OCLCO
|d DMOPL
|d DYJ
|d UtOrBLW
|
| 050 |
1 |
4 |
|a PS3553.L287
|b P54 2020
|
| 082 |
0 |
4 |
|a 813/.54
|2 23
|
| 100 |
1 |
|
|a Clark, Mary Higgins,
|e author.
|0 http://id.loc.gov/authorities/names/n80007955
|
| 245 |
1 |
0 |
|a Piece of my heart /
|c Mary Higgins Clark and Alafair Burke.
|
| 250 |
|
|
|a First Simon & Schuster hardcover edition.
|
| 264 |
|
1 |
|a New York :
|b Simon & Schuster,
|c 2020.
|
| 264 |
|
4 |
|c ©2020
|
| 300 |
|
|
|a 319 pages ;
|c 24 cm
|
| 336 |
|
|
|a text
|b txt
|2 rdacontent
|
| 337 |
|
|
|a unmediated
|b n
|2 rdamedia
|
| 338 |
|
|
|a volume
|b nc
|2 rdacarrier
|
| 490 |
1 |
|
|a An under suspicion novel ;
|v [7]
|
| 500 |
|
|
|a Sequel to: You don't own me.
|
| 520 |
|
|
|a "Television producer Laurie Moran and her fiancée, Alex Buckley, the former host of her investigative television show, are just days away from their mid-summer wedding, when things take a dark turn. Alex's seven-year-old nephew, Johnny, vanishes from the beach. A search party begins and witnesses recall Johnny playing in the water and collecting shells behind the beach shack, but no one remembers seeing him after the morning. As the sun sets, Johnny's skim board washes up to shore, and everyone realizes that he could be anywhere, even under water. A ticking clock, a sinister stalker, and fresh romance combine in this exhilarating follow up to the bestselling You Don't Own Me - another riveting page-turner from the "Queen of Suspense" Mary Higgins Clark and her dazzling partner-in-crime Alafair Burke."--Provided by publisher.
|
| 600 |
1 |
0 |
|a Moran, Laurie
|c (Fictitious character)
|v Fiction.
|
| 650 |
|
0 |
|a Television producers and directors
|v Fiction.
|0 http://id.loc.gov/authorities/subjects/sh2010116051
|
| 650 |
|
0 |
|a Missing persons
|x Investigation
|v Fiction.
|0 http://id.loc.gov/authorities/subjects/sh2010102093
|
| 650 |
|
0 |
|a Reality television programs
|v Fiction.
|0 http://id.loc.gov/authorities/subjects/sh2008110529
|
| 650 |
|
0 |
|a Stalkers
|v Fiction.
|0 http://id.loc.gov/authorities/subjects/sh2008111549
|
| 651 |
|
0 |
|a New York (N.Y.)
|v Fiction.
|0 http://id.loc.gov/authorities/subjects/sh2008108377
|
| 650 |
|
7 |
|a FICTION / Thrillers / Suspense.
|2 bisacsh
|
| 650 |
|
7 |
|a FICTION / Mystery & Detective / Women Sleuths.
|2 bisacsh
|
| 650 |
|
7 |
|a Murder
|x Investigation.
|2 fast
|0 (OCoLC)fst01029788
|
| 650 |
|
7 |
|a Television producers and directors.
|2 fast
|0 (OCoLC)fst01147019
|
| 650 |
|
7 |
|a Television programs.
|2 fast
|0 (OCoLC)fst01147026
|
| 650 |
|
7 |
|a Television producers and directors
|x Fiction.
|2 sears
|
| 650 |
|
7 |
|a Missing persons
|x Investigation
|x Fiction.
|2 sears
|
| 650 |
|
7 |
|a Reality television programs
|x Fiction.
|2 sears
|
| 655 |
|
7 |
|a Detective and mystery fiction.
|2 lcgft
|0 http://id.loc.gov/authorities/genreForms/gf2014026280
|
| 655 |
|
7 |
|a Thrillers (Fiction)
|2 lcgft
|0 http://id.loc.gov/authorities/genreForms/gf2014026571
|
| 655 |
|
7 |
|a Detective and mystery fiction.
|2 fast
|0 (OCoLC)fst01726581
|
| 655 |
|
7 |
|a Fiction.
|2 fast
|0 (OCoLC)fst01423787
|
| 655 |
|
7 |
|a Thrillers (Fiction)
|2 fast
|0 (OCoLC)fst01726755
|
| 655 |
|
7 |
|a Suspense fiction.
|2 gsafd
|
| 655 |
|
7 |
|a Mystery fiction.
|2 gsafd
|
| 700 |
1 |
|
|a Burke, Alafair,
|e author.
|0 http://id.loc.gov/authorities/names/n2002048676
|
| 800 |
1 |
|
|a Clark, Mary Higgins.
|t Under suspicion novel ;
|v 7.
|0 http://id.loc.gov/authorities/names/no2014160466
|
| 852 |
8 |
|
|b pda,print
|z This title is available for the library to purchase for your use. Click the "Purchase It For Me" button to place a request. This item may take 5-10 business days to arrive.
|
| 955 |
|
|
|a Print PDA title
|
| 961 |
|
|
|m 565730
|
| 999 |
f |
f |
|s 088e5338-8788-4c44-b9be-082b05ebd171
|i 307a9cf9-0df6-3a6d-9041-84cf1469e305
|t 0
|
| 952 |
f |
f |
|a Texas A&M University
|b College Station
|c Sterling C. Evans Library
|d Purchase on Demand
|t 0
|e PS3553.L287 P54 2020
|h Library of Congress classification
|
| 998 |
f |
f |
|a PS3553.L287 P54 2020
|t 0
|l Purchase on Demand
|